1164 1874 1277 1161 1589 1723 1536 1213 1696 1818 1960 1656 1932 1632 1462 1195 1163 1837 1940 1554 1102 1293 1936 1749 1385 1182 1416 1245 1765 1326 1018 1853 1591 1622 1689 1058 1452 1428 1858 1019 1744 1588 1040 1508 1711 1031 1355 1912 1575 1477 1711 1054 1888 1551 1660 1988 1772 1564 1409 1617 1906 1850 1534 1207 1296 1372 1219 1169 1909 1851 1291 1973 1414 1875 1609 1944 1141 1775 1555 1784 1665 1859 1582 1991 1749 1059 1680 1102 1569 1917 1469 1691 1653 1285 1447 1059 1224 1997 1946 BCNSPRNW ULIB Ver.6.0+V

เปลี่ยนเป็นภาษาไทย

Change to English
 แสดงรายละเอียดบรรณานุกรม
  กลับหน้าหลัก

Brief Record : Get Marc (ISO 2709) : E-mail record : QR code < ปิดหน้าต่าง
LEADER : 00000nam 2200000uu 4500
001    13399112805
003     ULIB
008    110627s2552||||th 000 0 tha d
020    9789742556853
090    นว.^bส984ร 2552
100 0  โสภาค สุวรรณ,นามแฝง
245 00 รักเร่/^cโสภาค สุวรรณ,นามแฝง
250    พิมพ์ครั้งที่ 8
260    กรุงเทพฯ :^bโสภณการพิมพ์,^c2552
300    478 หน้า
710 1  โสภณการพิมพ์
945    ^p350^l0^i028079
995    ทศพร
999 ^a ใช้งานได้ทุกระบบ
รายการนี้ยังไม่มีแท็ก
คุณยังไม่ได้ล็อกอิน คุณสามารถมีกิจกรรมร่วมกับเว็บไซต์ได้ แต่ต้องล็อกอินก่อน ::
  ล็อกอิน

รายการสื่อสารสนเทศ

ลำดับที่ ประเภท เลขเรียก/บาร์โค้ด สถานที่ สถานะ
- ไม่พบข้อมูล -

BibComment


ยังไม่เคยถูกคอมเมนท์

คอมเมนท์ทรัพยากรรายการนี้
  คอมเมนท์: รักเร่ โสภาค สุวร..


 Copyright 2026. Bcnsprnw @Library